000 01937nam a22003854a 4500
001 ebr10116480
003 CaPaEBR
006 m u
007 cr cn|||||||||
008 020905s2003 ne a sb 101 0 eng
020 _z158603295X (IOS Press)
020 _z4274905462 (Ohmsha)
040 _aCaPaEBR
_cCaPaEBR
035 _a(OCoLC)53016667
050 1 4 _aQA76.9.S63
_bN38 2001eb
082 0 4 _a006.3
_222
111 2 _aNATO Advanced Research Workshop on Systematic Organisation of Information in Fuzzy Systems
_d(2001 :
_cVila Real, Portugal)
245 1 0 _aSystematic organisation of information in fuzzy systems
_h[electronic resource] /
_cedited by Pedro Melo-Pinto, Horia-Nicolai Teodorescu, and Toshio Fukuda.
260 _aAmsterdam ;
_aWashington, DC :
_bIOS Press/Ohmsha,
_cc2003.
300 _aviii, 399 p. :
_bill.
490 1 _aNATO science series. Series III, Computer and systems sciences,
_x1387-6694 ;
_vv. 184
500 _a"Proceedings of the NATO Advanced Research Workshop on Systematic Organisation of Information in Fuzzy Systems, 24-26 October 2001, Vila Real, Portugal"--verso t.p.
500 _a"Published in cooperation with NATO Scientific Affairs Division."
504 _aIncludes bibliographical references and index.
533 _aElectronic reproduction.
_bPalo Alto, Calif. :
_cebrary,
_d2013.
_nAvailable via World Wide Web.
_nAccess may be limited to ebrary affiliated libraries.
650 0 _aSoft computing
_vCongresses.
650 0 _aFuzzy systems
_vCongresses.
655 7 _aElectronic books.
_2local
700 1 _aMelo-Pinto, Pedro.
700 1 _aTeodorescu, Horia-Nicolai.
700 1 _aFukuda, T.
_q(Toshio),
_d1948-
710 2 _aebrary, Inc.
830 0 _aNATO science series.
_nSeries III,
_pComputer and systems sciences ;
_vv. 184.
856 4 0 _uhttp://site.ebrary.com/lib/rucke/Doc?id=10116480
_zAn electronic book accessible through the World Wide Web; click to view
999 _c208748
_d208748